Modern Approach to C Programming (Record no. 13320)

MARC details
000 -LEADER
fixed length control field 00420nam a22001817a 4500
003 - CONTROL NUMBER IDENTIFIER
control field OSt
008 - FIXED-LENGTH DATA ELEMENTS--GENERAL INFORMATION
fixed length control field 250418b |||||||| |||| 00| 0 eng d
020 ## - INTERNATIONAL STANDARD BOOK NUMBER
International Standard Book Number 9789365896022
082 ## - DEWEY DECIMAL CLASSIFICATION NUMBER
Classification number 005.133 SAM
100 ## - MAIN ENTRY--PERSONAL NAME
Personal name SAXENA,Amisha
245 ## - TITLE STATEMENT
Title Modern Approach to C Programming
250 ## - EDITION STATEMENT
Edition statement 1st Ed
260 ## - PUBLICATION, DISTRIBUTION, ETC. (IMPRINT)
Place of publication, distribution, etc New Delhi
Name of publisher, distributor, etc BPB
Date of publication, distribution, etc 2025
300 ## - PHYSICAL DESCRIPTION
Extent 233
700 ## - ADDED ENTRY--PERSONAL NAME
Personal name ARYA,Nancy
700 ## - ADDED ENTRY--PERSONAL NAME
Personal name TANWAR,Anil
942 ## - ADDED ENTRY ELEMENTS (KOHA)
Source of classification or shelving scheme Dewey Decimal Classification
Koha item type Text Books
Holdings
Withdrawn status Lost status Source of classification or shelving scheme Damaged status Not for loan Collection code Home library Current library Date acquired Source of acquisition Currency Cost, normal purchase price Bill Number Total Checkouts Full call number Acc. no. / Barcode Date last seen Actual Cost, discounted price Bill Date Koha item type
    Dewey Decimal Classification     Computer Science and Engineering in AI & Data Science PIET C-LIBRARY PIET C-LIBRARY 11/04/2025 Zaffa Books INR 899.00 ZBD0037   005.133 SAM 39192 18/04/2025 656.25 11/04/2025 Reference Books
    Dewey Decimal Classification     Computer Science and Engineering in AI & Data Science PIET C-LIBRARY PIET C-LIBRARY 11/04/2025 Zaffa Books INR 899.00 ZBD0037   005.133 SAM 39193 18/04/2025 656.25 11/04/2025 Text Books
    Dewey Decimal Classification     Computer Science and Engineering in AI & Data Science PIET C-LIBRARY PIET C-LIBRARY 11/04/2025 Zaffa Books INR 899.00 ZBD0037   005.133 SAM 39194 18/04/2025 656.25 11/04/2025 Text Books
    Dewey Decimal Classification     Computer Science and Engineering in AI & Data Science PIET C-LIBRARY PIET C-LIBRARY 11/04/2025 Zaffa Books INR 899.00 ZBD0037   005.133 SAM 39195 18/04/2025 656.25 11/04/2025 Text Books
    Dewey Decimal Classification     Computer Science and Engineering in AI & Data Science PIET C-LIBRARY PIET C-LIBRARY 11/04/2025 Zaffa Books INR 899.00 ZBD0037   005.133 SAM 39196 18/04/2025 656.25 11/04/2025 Text Books

Design & Developed by: PIET Central Library
R70 Miles Stone Pattikalyana Samalkha Panipat 132102
mail ID :- [email protected], Phone No:- 0180-2569700 Ex.216